Koncepčný návrh vysadzovačov zemiakov na súčasné sadenie štyroch radov

Saved in:
Bibliographic Details
Main Author: Psiuk, Sviatoslav (Author)
Other Authors: Protasov, Roman (Thesis advisor)
Format: Manuscript Book
Language:Slovak
Published: 2025
Subjects:
Online Access:http://is.stuba.sk/zp/portal_zp.pl?podrobnosti=177246
Tags: Add Tag
No Tags, Be the first to tag this record!

MARC

LEADER 00000ntm a22000003a 4500
001 stuzp104691
003 SK-STU
005 20250628211908.4
007 ta
008 150427s2015----xo-----f-mn---000-0-slo-d
040 |a STU  |b slo 
041 0 |a slo 
100 1 |a Psiuk, Sviatoslav  |u 020030  |k Z4  |4 aut  |U SjF Strojnícka fakulta  |T SjF Ústav automobilového inžinierstva a konštruovania  |X 122086  |U J0030  |Y 806  |7 122086 
242 0 1 |a Conceptual design of a potato planters for simultaneous planting of four rows  |y eng 
245 1 0 |a Koncepčný návrh vysadzovačov zemiakov na súčasné sadenie štyroch radov 
260 |c 2025 
650 4 |a vysadzovač zemiakov  |2 slo 
650 4 |a poľnohospodársky stroj  |2 slo 
650 4 |a mechanický pohon  |2 slo 
650 4 |a potato planter  |2 eng 
650 4 |a agricultural machine  |2 eng 
650 4 |a mechanical drive  |2 eng 
700 1 |a Protasov, Roman  |u 020030  |k Z1  |4 ths  |U SjF Strojnícka fakulta  |T SjF Ústav automobilového inžinierstva a konštruovania  |X 101680  |U J0030  |Y 806  |7 101680 
856 4 |u http://is.stuba.sk/zp/portal_zp.pl?podrobnosti=177246